000 00730cam a2200253I 4500
999 _c5633
_d5633
001 5633
003 BD-JhCC
005 20180402193355.0
008 721003s1961 nyua 000 0 eng
035 _a(BD-JhCC)5633
040 _aDLC
_cURB
_dOCL
_dUKM
_dCUD
_dBD-JhCC
041 _aeng
050 0 0 _aQH308
_b.S83 1961
082 0 _a574
_bGEN 1956
100 1 _a Wells, Harrington
_d1886-1965.
245 1 0 _aGeneral biology /
_cHarrington Wells, Patrick H. Wells
260 _aNew York :
_bWiley,
_c1961.
300 _aix, 555 p.
_billus.
_c25 cm.
500 _aEarlier editions by Perry D. Strausbaugh and Bernal R. Weimer.
650 0 _aBiology
700 1 _aWells, Patrick H
_d1902-1984.
942 _2ddc
_cBK